000 00502nam a2200181 a 4500
001 1755946828360
003 YourLibrary
005 20250826120540.0
008 250823s1997##################000#0#eng##
020 _a9780198293125
082 0 4 _a050
_bSTO
100 1 _aInstitute, Stockholm International Peace Research,
_eauthor.
245 1 0 _aSIPRI Yearbook 1997 :
260 _bSIPRI Yearbook,
_c1997.
650 0 _aPolitical Science.
942 _cENGLISH
040 _aYourLibrary
_beng
_cYourLibrary
999 _c584010
_d584010